书目信息 |
| 题名: |
金银岛
|
|
| 作者: | 斯蒂文森 著 | |
| 分册: | ||
| 出版信息: | 北京 外语教学与研究出版社 1995.06 |
|
| 页数: | 210页 | |
| 开本: | 32开 | |
| 丛书名: | ||
| 单 册: | ||
| 中图分类: | H319.4 | |
| 科图分类: | ||
| 主题词: | 英语 | |
| 电子资源: | ||
| ISBN: | 7-5600-0985-9 | |
| 000 | 00537nam0 2200193 45 | |
| 001 | 0009121552 | |
| 005 | 20000912154416.5 | |
| 010 | @a7-5600-0985-9@d6.80元 | |
| 100 | @a20000912d1995 km y0chiy0120 ea | |
| 101 | 0 | @achi |
| 105 | @a z 000yy | |
| 200 | 1 | @a金银岛@AJin Yin Dao@f(英)斯蒂文森著@F(Ying)Si Di Wen Sen Zhu |
| 210 | @a北京@c外语教学与研究出版社@d1995.06 | |
| 215 | @a210页@d32开 | |
| 606 | 0 | @a英语 |
| 690 | @aH319.4@v3 | |
| 701 | 0 | @a斯蒂文森@4著 |
| 801 | @aCN@bPftUser@c20000912 | |
| 905 | @b137598-602@dH319.4@eW:575/1@f5 | |
| 金银岛/(英)斯蒂文森著.-北京:外语教学与研究出版社,1995.06 |
| 210页;32开 |
| ISBN 7-5600-0985-9:6.80元 |
| ● |
| 相关链接 |
|
|
|
正题名:金银岛
索取号:H319.4/W:575/1
 
预约/预借
| 序号 | 登录号 | 条形码 | 馆藏地/架位号 | 状态 | 备注 |
| 1 | 137598 | 201375984 | 语言库209/209语言库 49排4列2层/ [索取号:H319.4/W:575/1] | 在馆 | |
| 2 | 137599 | 201375993 | 语言库209/209语言库 49排4列2层/ [索取号:H319.4/W:575/1] | 在馆 | |
| 3 | 137600 | 201376000 | 语言库209/209语言库 49排4列2层/ [索取号:H319.4/W:575/1] | 在馆 | |
| 4 | 137601 | 201376019 | 语言库209/209语言库 49排4列2层/ [索取号:H319.4/W:575/1] | 在馆 | |
| 5 | 137602 | 201376028 | 语言库209/209语言库 49排4列2层/ [索取号:H319.4/W:575/1] | 在馆 |